000
00256nam a2200109Ia 4500
008
190914s9999||||xx |||||||||||||| ||und||
100
_a
Matthews,Warren
245
0
_a
World Religions
260
_a
New Delhi
_b
McGraw -Hill
_c
1998
300
_a
604
942
_c
BK
999
_c
8364
_d
8364